LEADER 00888nam a2200193 i 4500 001 000000215236 003 CaOOAMICUS 005 20120816000000.0 008 120816s1783 it u000 u ita u 013 $a194108 026 $aron- soue o-o, moEq (3) 1783 (R) 040 $aSeMil$bita 245 10$aDall'anno 1596 sino all'anno 1750. 300 $a[4], 484 p. 500 $aSegn. : pigreco2 A-G8 H6. 773 0 $aFleury, Claude <1640-1723>$tStoria ecclesiastica di monsignor Claudio Fleury, tradotta dal francese dal signor conte Gasparo Gozzi. Tomo 1. [-27.].$bNuova edizione riveduta, e corretta sul testo originale.$dIn Genova : Nella stamperia di Agostino Olzati, 1769-1783.$gTomo27$w()27229 850 $aSeMil 852 $aSeMil$W1$xVenegono$y1$m1ZD VII 37 FA$j165657$B165657$CSeMilBibl$Z2$F176601 $8I 996 $6245$aDall'anno 1596 sino all'anno 1750$9(OLS)http://semarc/title/309927 LEADER 00590nab a2200145 i 4500 001 000000278238 003 CaOOAMICUS 005 20121203000000.0 008 121203n xx uu u0 0und r 013 $a29030 040 $aSeMil$bita 245 10$aDivorziati risposati, il coniuge innocente. - 16 p. - Titolo principale dalla prima pagina. 500 $a2 dicembre 2012. 773 0 $t[2012 : Luglio-Dicembre].$dBologna : Centro Editoriale Dehoniano, 2012.$w()214285 996 $6245$aDivorziati risposati, il coniuge innocente. - 16 p. - Titolo principale dalla prima pagina.$9(OLS)http://semarc/title/362638